| 000 | 01055nam a22002897a 4500 | ||
|---|---|---|---|
| 001 | 753 | ||
| 005 | 20250702105729.0 | ||
| 020 | _a9781408303795 (pbk.) | ||
| 020 | _a1408303795 (pbk.) | ||
| 040 |
_aDLC _cDLC _dDLC _beng |
||
| 050 | 0 | 0 | _aMLCS 2012/44292 (P) |
| 082 | _a823.92 | ||
| 100 | 1 | _aBlade, Adam. | |
| 245 | 1 | 0 |
_aLuna the Moon Wolf / _cby Adam Blade. |
| 250 | _aFirst printing, January 2012. | ||
| 260 |
_aNew York : _bScholastic, _c2012. |
||
| 300 |
_a76 pages : _billustrations ; _c20 cm. |
||
| 490 | 0 |
_aBeast Quest Amulet of Avantia ; _vBook 22 |
|
| 505 | _aO | ||
| 520 | _a"At night, the Dead Wood comes alive with wild animals made ferocious by the spell of Luna the Moon Wolf. To save his father, Tom must collect the pieces of the Amulet of Avantia -- which means battling Luna's murderous magic..."--Back cover. | ||
| 521 |
_a630
_bLexile |
||
| 521 |
_aO
_bRaz-Plus |
||
| 650 |
_afantasy _vgenre-adventure _xhorror |
||
| 650 | _vJunior Fiction | ||
| 906 |
_a7 _bcbc _corignew _d4 _encip _f20 _gy-gencatlg |
||
| 942 |
_2ddc _cBK _n0 |
||
| 999 |
_c753 _d753 |
||